[Event "RUS-ch Higher League 69th"]
[Site "Kolomna"]
[Date "2016.06.28"]
[Round "6"]
[White "Korniushin, Nikolay"]
[Black "Truskavetsky, Alexandr"]
[Result "1-0"]
[WhiteElo "2348"]
[BlackElo "2389"]
[PlyCount "159"]
[EventDate "2016.06.22"]
[EventType "swiss"]
[EventRounds "9"]
[EventCountry "RUS"]
[SourceTitle "CBM 174"]
[Source "ChessBase"]
[SourceDate "2016.09.13"]
[SourceVersion "1"]
[SourceVersionDate "2016.09.13"]
[SourceQuality "1"]

1. d4 Nf6 2. c4 e6 3. g3 d5 4. Bg2 Be7 5. Nf3 0-0 6. 0-0 dxc4 7. Qc2 a6 8. a4 Bd7 9. Qxc4 Bc6 10. Bg5 h6 11. Bxf6 Bxf6 12. Nc3 Nd7 13. e4 Nb6 14. Qd3 a5 15. Rfd1 Qe8 16. b3 e5 17. d5 Bd7 18. Nb5 Qb8 19. Qe3 Bxb5 20. axb5 Nc8 21. Rdc1 Nd6 22. Bf1 b6 23. Rc6 Re8 24. Rac1 Ra7 25. h4 Qd8 26. Nd2 Re7 27. Qc3 Qd7 28. Kh2 Qd8 29. f3 Kh7 30. Bd3 Rd7 31. Nf1 g6 32. Kg2 Bg7 33. Ne3 Qf8 34. Qe1 Qe7 35. Qh1 Nb7 36. h5 Nc5 37. Bc2 Qg5 38. Kf2 Ra8 39. Rd1 Rad8 40. Qh3 Bf8 41. Qg4 Qxg4 42. Nxg4 Bg7 43. f4 gxh5 44. Nxe5 Bxe5 45. fxe5 Re8 46. d6 cxd6 47. exd6 Rb7 48. Kf3 Kg7 49. Rd5 Ne6 50. Rxh5 Ng5+ 51. Kf4 Rd7 52. e5 Rf8 53. Bf5 Rb7 54. Rh2 Re8 55. Rd2 Rd8 56. Rc7 Rbb8 57. e6 Kf6 58. e7 Re8 59. Rc6 Rg8 60. d7+ Kxe7 61. Re2+ Ne6+ 62. Bxe6 fxe6 63. Rexe6+ Kxd7 64. Red6+ Ke7 65. Re6+ Kd7 66. Rxh6 Rbf8+ 67. Rcf6 Rxf6+ 68. Rxf6 Kc7 69. g4 Rd8 70. Ke4 Re8+ 71. Kf4 Rd8 72. Rc6+ Kb7 73. Rc3 Rd4+ 74. Kf5 Rb4 75. g5 Rxb5+ 76. Kf6 Rb4 77. g6 Rg4 78. g7 Ka6 79. Rc4 Rg3 80. Rf4 1-0

[Event "Vladivostok Meridian op rap"]
[Site "Vladivostok"]
[Date "2015.07.19"]
[Round "5"]
[White "Muratov, Sergey"]
[Black "Korniushin, Nikolay"]
[Result "1/2-1/2"]
[WhiteElo "2218"]
[BlackElo "2338"]
[PlyCount "71"]
[EventDate "2015.07.18"]
[EventType "swiss (rapid)"]
[EventRounds "11"]
[EventCountry "RUS"]
[SourceTitle "EXT 2016"]
[Source "ChessBase"]
[SourceDate "2015.10.08"]
[SourceVersion "1"]
[SourceVersionDate "2015.10.08"]
[SourceQuality "1"]

1. d4 d6 2. Nf3 Nf6 3. g3 g6 4. Bg2 Bg7 5. 0-0 0-0 6. c4 c5 7. d5 b5 8. cxb5 a6 9. bxa6 Bxa6 10. Nc3 Nbd7 11. Rb1 Qa5 12. Bd2 Rfb8 13. Qc2 Ng4 14. b3 Qb4 15. a4 c4 16. Nb5 cxb3 17. Qxb3 Qxb3 18. Rxb3 Nc5 19. Rb4 Nf6 20. Nfd4 Bxb5 21. axb5 Ra2 22. Nc6 Rb7 23. Rd1 Kf8 24. b6 Ra6 25. Rdb1 Nfd7 26. Bh3 Raxb6 27. Rxb6 Rxb6 28. Rc1 Nf6 29. Ra1 Ra6 30. Rb1 Ra8 31. Bg2 Nfd7 32. Bg5 Bf6 33. Bh6+ Bg7 34. Bg5 Bf6 35. Bh6+ Bg7 36. Bg5 1/2-1/2

[Event "Vladivostok Primorsky Debut"]
[Site "Vladivostok"]
[Date "2014.07.26"]
[Round "6"]
[White "Korniushin, Nikolay"]
[Black "Timofeev, Artyom"]
[Result "0-1"]
[WhiteElo "2339"]
[BlackElo "2597"]
[PlyCount "157"]
[EventDate "2014.07.21"]
[EventType "swiss"]
[EventRounds "9"]
[EventCountry "RUS"]
[SourceTitle "CBM 161 Extra"]
[Source "ChessBase"]
[SourceDate "2014.08.29"]
[SourceVersion "1"]
[SourceVersionDate "2014.08.29"]
[SourceQuality "1"]

1. d4 Nf6 2. c4 g6 3. g3 Bg7 4. Bg2 d5 5. Nf3 0-0 6. 0-0 dxc4 7. Na3 c3 8. bxc3 c5 9. Ne5 Nfd7 10. Nac4 Nxe5 11. Nxe5 Bxe5 12. dxe5 Qc7 13. Qb3 Nc6 14. Qb5 Qxe5 15. Bf4 Qxc3 16. Rfc1 Qf6 17. Qxc5 Bf5 18. Bxc6 Rfc8 19. Qe5 Rxc6 20. Qxf6 Rxf6 21. Rc7 Re6 22. Rxb7 Rxe2 23. Be3 a5 24. Rxe7 a4 25. Ra7 Rxa7 26. Bxa7 Bh3 27. a3 h6 28. Bc5 g5 29. Bb4 Kh7 30. Re1 Ra2 31. Rc1 f6 32. Rc7+ Kg6 33. Rc1 h5 34. Re1 h4 35. Rc1 Be6 36. Kf1 Bd5 37. gxh4 gxh4 38. h3 Kf5 39. Bc5 Rb2 40. Kg1 Rb3 41. Kh2 Ke6 42. Re1+ Kd7 43. Rd1 Kc6 44. Rc1 Kd7 45. Rd1 Ke6 46. Re1+ Kf7 47. Re7+ Kg6 48. Re1 Rc3 49. Bb4 Rf3 50. Bc5 Rb3 51. Rg1+ Kf5 52. Re1 Bb7 53. Be7 Kg6 54. Bb4 Rb2 55. Kg1 Bc8 56. Kg2 Bb7+ 57. Kg1 Rb3 58. Re3 f5 59. Re6+ Kh5 60. Kh2 Rb2 61. Kg1 Be4 62. f4 Rb3 63. Bd6 Rxh3 64. Re8 Rh1+ 65. Kf2 Rh2+ 66. Ke3 Kg4 67. Rg8+ Kh3 68. Be7 Rg2 69. Rxg2 Bxg2 70. Bb4 Bc6 71. Be1 Kg4 72. Kf2 Kxf4 73. Ba5 Kg4 74. Bc7 f4 75. Kg1 Kg3 76. Bb6 h3 77. Bf2+ Kf3 78. Bh4 Ke2 79. Bd8 0-1

[Event "Vladivostok Primorsky Debut"]
[Site "Vladivostok"]
[Date "2014.07.23"]
[Round "3"]
[White "Korniushin, Nikolay"]
[Black "Snetkov, Ivan"]
[Result "1-0"]
[WhiteElo "2339"]
[BlackElo "1986"]
[PlyCount "59"]
[EventDate "2014.07.21"]
[EventType "swiss"]
[EventRounds "9"]
[EventCountry "RUS"]
[SourceTitle "CBM 161 Extra"]
[Source "ChessBase"]
[SourceDate "2014.08.29"]
[SourceVersion "1"]
[SourceVersionDate "2014.08.29"]
[SourceQuality "1"]

1. d4 d5 2. Nf3 Nf6 3. c4 c6 4. Qc2 dxc4 5. Qxc4 Bf5 6. Nc3 e6 7. g3 Nbd7 8. Bg2 Be7 9. 0-0 0-0 10. a4 Rc8 11. a5 Bg6 12. Rd1 Qc7 13. Qb3 Nd5 14. Ne1 Nxc3 15. bxc3 e5 16. Nc2 Bh5 17. Re1 Rfe8 18. Ne3 exd4 19. cxd4 Bf6 20. Bb2 Rcd8 21. a6 Rb8 22. Qc4 Qb6 23. Bc3 Bg6 24. axb7 Be4 25. Bxe4 Rxe4 26. Reb1 Rxd4 27. Bxd4 Qxd4 28. Qxc6 Nf8 29. Ra4 Qd2 30. Rxa7 1-0

[Event "Vladivostok Primorsky Debut"]
[Site "Vladivostok"]
[Date "2014.07.22"]
[Round "2"]
[White "Belous, Vladimir"]
[Black "Korniushin, Nikolay"]
[Result "1-0"]
[WhiteElo "2584"]
[BlackElo "2339"]
[PlyCount "73"]
[EventDate "2014.07.21"]
[EventType "swiss"]
[EventRounds "9"]
[EventCountry "RUS"]
[SourceTitle "CBM 161 Extra"]
[Source "ChessBase"]
[SourceDate "2014.08.29"]
[SourceVersion "1"]
[SourceVersionDate "2014.08.29"]
[SourceQuality "1"]

1. d4 Nf6 2. Nf3 d6 3. c4 Nbd7 4. Nc3 e5 5. g3 Be7 6. Bg2 0-0 7. 0-0 c6 8. Qc2 Qc7 9. h3 Re8 10. e4 Bf8 11. Be3 a6 12. Rac1 b6 13. d5 c5 14. Rb1 g6 15. b4 Bb7 16. Nd2 Reb8 17. a3 Bc8 18. Qd3 cxb4 19. axb4 a5 20. bxa5 Rxa5 21. Nb3 Raa8 22. Nb5 Qd8 23. Ra1 Nc5 24. Nxc5 bxc5 25. Kh2 Ne8 26. Rxa8 Rxa8 27. f4 Bg7 28. f5 Bf6 29. Qd2 Bd7 30. Qf2 Bxb5 31. cxb5 Ra7 32. fxg6 hxg6 33. h4 Kg7 34. Bh3 Rb7 35. h5 Bg5 36. Bxg5 Qxg5 37. Bc8 1-0

[Event "Vladivostok Meridian op rap"]
[Site "Vladivostok"]
[Date "2014.07.19"]
[Round "7"]
[White "Korniushin, Nikolay"]
[Black "Emeliantsev, Anatoliy"]
[Result "1/2-1/2"]
[WhiteElo "2339"]
[BlackElo "2361"]
[PlyCount "63"]
[EventDate "2014.07.18"]
[EventType "swiss (rapid)"]
[EventRounds "11"]
[EventCountry "RUS"]
[SourceTitle "CBM 161 Extra"]
[Source "ChessBase"]
[SourceDate "2014.08.29"]
[SourceVersion "1"]
[SourceVersionDate "2014.08.29"]
[SourceQuality "1"]

1. Nf3 Nf6 2. g3 g6 3. Bg2 Bg7 4. 0-0 0-0 5. c4 c5 6. d4 d6 7. dxc5 dxc5 8. Qxd8 Rxd8 9. Ne5 Ne8 10. Nd3 Na6 11. Nd2 Nd6 12. Nb3 Nxc4 13. Nbxc5 Nxc5 14. Nxc5 Bd4 15. Nxb7 Bxb7 16. Bxb7 Rab8 17. Bg2 Bxb2 18. Bxb2 Rxb2 19. Rfc1 Ne5 20. Bf1 e6 21. Rc5 Rd5 22. Rxd5 exd5 23. a4 d4 24. a5 h5 25. h3 a6 26. Ra4 Rb5 27. f4 Nc6 28. e3 Rxa5 29. Rxa5 Nxa5 30. exd4 Nc6 31. Bxa6 Nxd4 32. Kf2 1/2-1/2

[Event "RUS-ch Higher League 67th"]
[Site "Vladivostok"]
[Date "2014.06.05"]
[Round "2"]
[White "Korniushin, Nikolay"]
[Black "Matlakov, Maxim"]
[Result "0-1"]
[WhiteElo "2357"]
[BlackElo "2689"]
[PlyCount "74"]
[EventDate "2014.06.04"]
[EventType "swiss"]
[EventRounds "9"]
[EventCountry "RUS"]
[SourceTitle "CBM 161"]
[Source "ChessBase"]
[SourceDate "2014.07.16"]
[SourceVersion "1"]
[SourceVersionDate "2014.07.16"]
[SourceQuality "1"]

1. Nf3 Nf6 2. c4 b6 3. g3 Bb7 4. Bg2 g6 5. d4 e6 6. Nc3 Ne4 7. Nxe4 Bxe4 8. 0-0 Bg7 9. b3 0-0 10. Ba3 d6 11. Rc1 Nc6 12. d5 Ne7 13. dxe6 fxe6 14. Bh3 Nf5 15. Nd2 Bb7 16. e3 Qg5 17. Bg2 Bxg2 18. Kxg2 Rf7 19. Kh1 Nh6 20. f4 Qf5 21. Qe2 Re8 22. e4 Qa5 23. Nb1 e5 24. Qd3 exf4 25. gxf4 Ng4 26. h3 Nf6 27. Rce1 Nh5 28. b4 Qa4 29. f5 Be5 30. Rg1 Rg7 31. fxg6 hxg6 32. Nd2 Nf4 33. Qe3 Rh7 34. Rg3 Qd7 35. Rf3 Nxh3 36. Kg2 Qg4+ 37. Kf1 Ng5 0-1

[Event "Vladivostok Russian Cup"]
[Site "Vladivostok"]
[Date "2012.09.20"]
[Round "4"]
[White "Babiy, Anatoly"]
[Black "Korniushin, Nikolay"]
[Result "1-0"]
[WhiteElo "2438"]
[BlackElo "2360"]
[PlyCount "83"]
[EventDate "2012.09.17"]
[EventType "swiss"]
[EventRounds "9"]
[EventCountry "RUS"]
[SourceTitle "CBM 150 Extra"]
[Source "ChessBase"]
[SourceDate "2012.10.19"]
[SourceVersion "1"]
[SourceVersionDate "2012.10.19"]
[SourceQuality "1"]

1. d4 d6 2. Nf3 Bg4 3. c4 c6 4. Qb3 Qc8 5. h3 Bh5 6. g3 Nd7 7. Bg2 e5 8. 0-0 Be7 9. e3 Bxf3 10. Bxf3 Ngf6 11. Bg2 0-0 12. Nc3 Re8 13. Bd2 Qc7 14. d5 Bf8 15. dxc6 bxc6 16. Qa4 e4 17. b4 Nb6 18. Qb3 d5 19. cxd5 cxd5 20. Rac1 Qb7 21. Rfd1 Rac8 22. Be1 Rc7 23. a4 Rec8 24. Bf1 Nbd7 25. Rb1 Ne5 26. Be2 Rd7 27. Nb5 Nc4 28. Bc3 a6 29. Nd4 Rdc7 30. Ba1 Nd7 31. a5 Rb8 32. Qa4 g6 33. b5 Nc5 34. Qa2 axb5 35. Nxb5 Rd7 36. Nd6 Qa8 37. Rxb8 Qxb8 38. Nxc4 dxc4 39. Rxd7 Nxd7 40. Bxc4 Bg7 41. Bxf7+ Kh8 42. Bd5 1-0

[Event "Vladivostok City at Sea-A"]
[Site "Vladivostok"]
[Date "2009.07.25"]
[Round "1"]
[White "Korniushin, Nikolay"]
[Black "Kharitonov, Egor"]
[Result "1/2-1/2"]
[WhiteElo "2358"]
[BlackElo "2349"]
[PlyCount "47"]
[EventDate "2009.07.25"]
[EventType "tourn"]
[EventRounds "9"]
[EventCountry "RUS"]
[EventCategory "3"]
[SourceTitle "EXT 2022"]
[Source "ChessBase"]
[SourceDate "2021.10.06"]
[SourceVersion "1"]
[SourceVersionDate "2021.10.06"]
[SourceQuality "1"]

1. d4 Nf6 2. Nf3 g6 3. Bf4 Bg7 4. e3 d6 5. h3 Nbd7 6. Be2 0-0 7. 0-0 Qe8 8. c3 e5 9. dxe5 Nxe5 10. Nbd2 Bd7 11. Nxe5 dxe5 12. Bh2 Rd8 13. Qc2 Bc8 14. e4 Qe7 15. Nc4 Nd7 16. Ne3 c6 17. b4 Nb6 18. a4 Bh6 19. Qc1 Rfe8 20. a5 Na8 21. Kh1 Nc7 22. f3 Qh4 23. Bc4 Be6 24. Bxe6 1/2-1/2

[Event "Arsenyev Sazykin Memorial"]
[Site "Arsenyev"]
[Date "2008.08.15"]
[Round "10"]
[White "Bondarenko, Alexandr"]
[Black "Korniushin, Nikolay"]
[Result "0-1"]
[WhiteElo "2182"]
[BlackElo "2355"]
[PlyCount "76"]
[EventDate "2008.08.15"]
[EventType "tourn"]
[EventRounds "11"]
[EventCountry "RUS"]
[SourceTitle "EXT 2022"]
[Source "ChessBase"]
[SourceDate "2021.10.06"]
[SourceVersion "1"]
[SourceVersionDate "2021.10.06"]
[SourceQuality "1"]

1. e4 d6 2. d4 Nf6 3. Nc3 e5 4. Nf3 Nbd7 5. Bc4 h6 6. dxe5 dxe5 7. Bxf7+ Kxf7 8. Nxe5+ Kg8 9. Ng6 Qe8 10. Nxh8 Kxh8 11. 0-0 Ne5 12. Bf4 Bd6 13. Bg3 a6 14. f4 Neg4 15. e5 Bc5+ 16. Kh1 Ne3 17. Qf3 Bg4 18. Qxb7 Rb8 19. Qxa6 Nh5 20. Bf2 Nxf4 21. Bxe3 Bxe3 22. Rae1 Qxe5 23. Rxf4 Qxf4 24. Nd5 Qf2 25. Rxe3 c6 26. h3 cxd5 27. Qa7 Qf1+ 28. Kh2 Qf4+ 29. Rg3 h5 30. Qe7 g5 31. Qe3 Qxe3 32. Rxe3 Bf5 33. Re5 Be4 34. c4 Rxb2 35. Kg1 Rxg2+ 36. Kf1 Rd2 37. cxd5 Bg2+ 38. Kg1 Rxd5 0-1

[Event "Arsenyev Sazykin Memorial"]
[Site "Arsenyev"]
[Date "2008.08.15"]
[Round "3"]
[White "Chebotarev, Gennadiy"]
[Black "Korniushin, Nikolay"]
[Result "0-1"]
[WhiteElo "2017"]
[BlackElo "2355"]
[PlyCount "72"]
[EventDate "2008.08.15"]
[EventType "tourn"]
[EventRounds "11"]
[EventCountry "RUS"]
[SourceTitle "EXT 2022"]
[Source "ChessBase"]
[SourceDate "2021.10.06"]
[SourceVersion "1"]
[SourceVersionDate "2021.10.06"]
[SourceQuality "1"]

1. e4 Nf6 2. e5 Nd5 3. Bc4 e6 4. Qf3 Nb6 5. Bb3 d6 6. exd6 cxd6 7. d4 Be7 8. Ne2 Bd7 9. 0-0 Bc6 10. Qg3 0-0 11. c4 d5 12. c5 N6d7 13. Bc2 b6 14. Qh3 g6 15. Bh6 Re8 16. cxb6 Qxb6 17. b3 Na6 18. a3 Nc7 19. Nbc3 a5 20. f4 Nb5 21. f5 Nxd4 22. Nxd4 Qxd4+ 23. Kh1 Bf6 24. fxg6 fxg6 25. Ne2 Qh4 26. Qxh4 Bxh4 27. Rf4 Be7 28. Rg4 Nf6 29. Rg3 e5 30. Rf1 d4 31. Bg5 Nh5 32. Bxe7 Nxg3+ 33. Nxg3 Rxe7 34. h4 e4 35. Re1 d3 36. Bd1 e3 0-1

[Event "Arsenyev Sazykin Memorial"]
[Site "Arsenyev"]
[Date "2008.08.15"]
[Round "5"]
[White "Jumabayev, Rinat"]
[Black "Korniushin, Nikolay"]
[Result "1-0"]
[WhiteElo "2270"]
[BlackElo "2355"]
[PlyCount "87"]
[EventDate "2008.08.15"]
[EventType "tourn"]
[EventRounds "11"]
[EventCountry "RUS"]
[SourceTitle "EXT 2022"]
[Source "ChessBase"]
[SourceDate "2021.10.06"]
[SourceVersion "1"]
[SourceVersionDate "2021.10.06"]
[SourceQuality "1"]

1. e4 Nf6 2. e5 Nd5 3. d4 d6 4. c4 Nb6 5. exd6 exd6 6. Bd3 Be7 7. Be3 Nc6 8. Nd2 Bf6 9. Ngf3 Bg4 10. Qb3 0-0 11. 0-0 a5 12. Rac1 a4 13. Qc3 Re8 14. Bb1 Bh5 15. b3 axb3 16. axb3 d5 17. c5 Nc8 18. b4 N6a7 19. Bd3 Bg6 20. Ra1 Bxd3 21. Qxd3 c6 22. Ra2 b6 23. Rfa1 Qc7 24. g3 Qb7 25. Bf4 Re7 26. Qa6 h6 27. h4 bxc5 28. Qxb7 Rxb7 29. bxc5 Kh7 30. g4 g6 31. g5 hxg5 32. hxg5 Bg7 33. Ra4 Ne7 34. Ne5 Kg8 35. Ra6 Kf8 36. Rb6 Bxe5 37. Bxe5 Rd7 38. Rba6 Ke8 39. Kg2 Rb7 40. Rb6 Rd7 41. Rh1 Ng8 42. Bf6 Rc8 43. Rh8 Kf8 44. Rb3 1-0

[Event "Arsenyev Sazykin Memorial"]
[Site "Arsenyev"]
[Date "2008.08.15"]
[Round "7"]
[White "Korniushin, Nikolay"]
[Black "Demkin, Yaroslav"]
[Result "1/2-1/2"]
[WhiteElo "2355"]
[BlackElo "1911"]
[PlyCount "24"]
[EventDate "2008.08.15"]
[EventType "tourn"]
[EventRounds "11"]
[EventCountry "RUS"]
[SourceTitle "EXT 2022"]
[Source "ChessBase"]
[SourceDate "2021.10.06"]
[SourceVersion "1"]
[SourceVersionDate "2021.10.06"]
[SourceQuality "1"]

1. d4 d5 2. e4 dxe4 3. Nc3 Nf6 4. f3 exf3 5. Nxf3 Bg4 6. Bc4 e6 7. 0-0 Be7 8. Be3 Nbd7 9. h3 Bh5 10. g4 Bg6 11. Qe2 Nb6 12. Bb3 Ne4 1/2-1/2

[Event "Arsenyev Sazykin Memorial"]
[Site "Arsenyev"]
[Date "2008.08.15"]
[Round "4"]
[White "Korniushin, Nikolay"]
[Black "Krasovskiy, Vladimir"]
[Result "1-0"]
[WhiteElo "2355"]
[BlackElo "1946"]
[PlyCount "25"]
[EventDate "2008.08.15"]
[EventType "tourn"]
[EventRounds "11"]
[EventCountry "RUS"]
[SourceTitle "EXT 2022"]
[Source "ChessBase"]
[SourceDate "2021.10.06"]
[SourceVersion "1"]
[SourceVersionDate "2021.10.06"]
[SourceQuality "1"]

1. d4 d5 2. Nf3 Nc6 3. g3 Nf6 4. Bg2 h6 5. c4 e6 6. 0-0 Be7 7. Nc3 0-0 8. cxd5 exd5 9. Ne5 Rb8 10. Bf4 a6 11. Rc1 Re8 12. Na4 Na7 13. Nxf7 1-0

[Event "DV FR-chT"]
[Site "Vladivostok"]
[Date "2007.10.04"]
[Round "6"]
[White "Vykhodtceva, Nina"]
[Black "Korniushin, Nikolay"]
[Result "0-1"]
[WhiteElo "2044"]
[BlackElo "2354"]
[PlyCount "118"]
[EventDate "2007.09.29"]
[EventType "team-tourn"]
[EventRounds "7"]
[EventCountry "RUS"]
[SourceTitle "EXT 2022"]
[Source "ChessBase"]
[SourceDate "2021.10.06"]
[SourceVersion "1"]
[SourceVersionDate "2021.10.06"]
[SourceQuality "1"]

1. e4 Nf6 2. e5 Nd5 3. c4 Nb6 4. d4 d6 5. f4 g6 6. Nf3 Bg7 7. Be2 0-0 8. 0-0 Be6 9. b3 c5 10. d5 Bg4 11. Bb2 N8d7 12. Nbd2 Qb8 13. h3 Bxf3 14. Nxf3 dxe5 15. fxe5 Nxe5 16. Bxe5 Bxe5 17. Rb1 Bg7 18. Qc2 Nd7 19. Qe4 Qg3 20. Qd3 Bh6 21. Ne1 Be3+ 22. Kh1 Bf4 23. Qxg3 Bxg3 24. Nd3 Bd6 25. Bg4 Nf6 26. Bf3 Rac8 27. Nf2 Kg7 28. Ne4 Nd7 29. Rbe1 Be5 30. g4 h6 31. Kg2 b6 32. Rd1 Bd6 33. Rde1 Ne5 34. Be2 Rh8 35. Nd2 g5 36. Nf3 Ng6 37. Ng1 Nf4+ 38. Kf3 h5 39. Bd1 hxg4+ 40. Kxg4 Kf6 41. Nf3 Rcg8 42. Bc2 Rxh3 43. Rh1 Rxh1 44. Rxh1 Ng6 45. Rf1 Bf4 46. Nxg5 Ne5+ 47. Kxf4 Rxg5 48. Be4 Rg4+ 49. Ke3+ Kg5 50. Rf2 Ng6 51. Rd2 Rg3+ 52. Kf2 Rh3 53. Bg2 Rh8 54. d6 Rd8 55. dxe7 Rxd2+ 56. Ke3 Nxe7 57. Kxd2 Kf6 58. a3 Ke5 59. Kc3 f5 0-1

[Event "DV FR-chT"]
[Site "Vladivostok"]
[Date "2007.10.03"]
[Round "5"]
[White "Korniushin, Nikolay"]
[Black "Pervushov, Maksim"]
[Result "0-1"]
[WhiteElo "2354"]
[BlackElo "2411"]
[PlyCount "96"]
[EventDate "2007.09.29"]
[EventType "team-tourn"]
[EventRounds "7"]
[EventCountry "RUS"]
[SourceTitle "EXT 2022"]
[Source "ChessBase"]
[SourceDate "2021.10.06"]
[SourceVersion "1"]
[SourceVersionDate "2021.10.06"]
[SourceQuality "1"]

1. d4 Nf6 2. Nf3 g6 3. Bf4 Bg7 4. e3 0-0 5. h3 d6 6. Be2 Nc6 7. 0-0 Nd7 8. c3 e5 9. dxe5 Ndxe5 10. Nbd2 Bf5 11. Nd4 Bd3 12. Nxc6 bxc6 13. Bxe5 Bxe2 14. Qxe2 Bxe5 15. Nf3 Bg7 16. Qa6 c5 17. Rad1 Qc8 18. Qxc8 Rfxc8 19. Nd2 Re8 20. Rc1 a5 21. a4 Rab8 22. Rc2 d5 23. b3 f5 24. Rd1 c6 25. Kf1 Re6 26. c4 d4 27. exd4 cxd4 28. c5 d3 29. Rcc1 Re2 30. Nc4 Bd4 31. Rxd3 Rxf2+ 32. Ke1 Re8+ 33. Kd1 Bxc5 34. Rd2 Rf4 35. Nd6 Re5 36. Nc4 Re6 37. Kc2 Bb4 38. Rd8+ Kg7 39. Kd3 Rf2 40. Rc2 Rxc2 41. Kxc2 Re2+ 42. Kd3 Rxg2 43. Ra8 Rg3+ 44. Kc2 f4 45. Nxa5 Rc3+ 46. Kb2 f3 47. Nc4 Rxc4 48. Ra7+ Kf6 0-1

[Event "DV FR-chT"]
[Site "Vladivostok"]
[Date "2007.10.02"]
[Round "4"]
[White "Korniushin, Nikolay"]
[Black "Makarov, Sergey"]
[Result "1/2-1/2"]
[WhiteElo "2354"]
[BlackElo "2312"]
[PlyCount "72"]
[EventDate "2007.09.29"]
[EventType "team-tourn"]
[EventRounds "7"]
[EventCountry "RUS"]
[SourceTitle "EXT 2022"]
[Source "ChessBase"]
[SourceDate "2021.10.06"]
[SourceVersion "1"]
[SourceVersionDate "2021.10.06"]
[SourceQuality "1"]

1. d4 d5 2. c4 c6 3. cxd5 cxd5 4. Nc3 Nf6 5. Bf4 a6 6. e3 Nc6 7. Bd3 e6 8. Rc1 Be7 9. Nf3 Nh5 10. Be5 Nxe5 11. dxe5 g6 12. 0-0 0-0 13. Qb3 b5 14. Rfd1 Bb7 15. Nd4 Qb8 16. f4 Qa7 17. Nce2 Qb6 18. g4 Ng7 19. g5 Rac8 20. Rxc8 Rxc8 21. Rc1 Rxc1+ 22. Nxc1 Bc5 23. Nce2 Nf5 24. Bxf5 gxf5 25. Kf2 Bc6 26. Qc3 b4 27. Qd2 a5 28. Qd3 Bb7 29. Qb5 Qxb5 30. Nxb5 Ba6 31. Nbd4 Bc4 32. Nc1 Bxd4 33. exd4 Kg7 34. Kg3 Kg6 35. Kh4 h6 36. gxh6 Kxh6 1/2-1/2

[Event "DV FR-chT"]
[Site "Vladivostok"]
[Date "2007.10.01"]
[Round "3"]
[White "Korniushin, Nikolay"]
[Black "Slupskiy, Sergey"]
[Result "1-0"]
[WhiteElo "2354"]
[BlackElo "2298"]
[PlyCount "83"]
[EventDate "2007.09.29"]
[EventType "team-tourn"]
[EventRounds "7"]
[EventCountry "RUS"]
[SourceTitle "EXT 2022"]
[Source "ChessBase"]
[SourceDate "2021.10.06"]
[SourceVersion "1"]
[SourceVersionDate "2021.10.06"]
[SourceQuality "1"]

1. d4 Nf6 2. Nf3 e6 3. c4 b6 4. Nc3 Bb7 5. a3 d5 6. cxd5 Nxd5 7. Ne5 Nxc3 8. bxc3 Bd6 9. Qa4+ c6 10. Bf4 0-0 11. e3 c5 12. Be2 Bxe5 13. Bxe5 f6 14. Bxb8 Qxb8 15. 0-0 Qd6 16. Rfd1 Rfd8 17. Qb3 Qd5 18. Qxd5 Bxd5 19. a4 cxd4 20. cxd4 Rab8 21. f3 Rdc8 22. Rdc1 Bb7 23. a5 Rxc1+ 24. Rxc1 Rc8 25. Rb1 Rc6 26. Bb5 Rd6 27. Ba4 Ba6 28. Rc1 bxa5 29. Rc7 Bd3 30. Rxa7 Ra6 31. Rb7 Bc4 32. Rc7 Bd3 33. e4 Rd6 34. d5 exd5 35. exd5 f5 36. Rc5 f4 37. Rxa5 Rb6 38. h3 Rb1+ 39. Kh2 Rb2 40. d6 Rb8 41. d7 Rd8 42. Re5 1-0

[Event "Arsenyev Sazykin Memorial"]
[Site "Arsenyev"]
[Date "2007.07.24"]
[Round "11"]
[White "Chashchin, Artem"]
[Black "Korniushin, Nikolay"]
[Result "0-1"]
[WhiteElo "2072"]
[BlackElo "2355"]
[PlyCount "60"]
[EventDate "2007.07.14"]
[EventType "tourn"]
[EventRounds "11"]
[EventCountry "RUS"]
[SourceTitle "EXT 2022"]
[Source "ChessBase"]
[SourceDate "2021.10.06"]
[SourceVersion "1"]
[SourceVersionDate "2021.10.06"]
[SourceQuality "1"]

1. e4 Nf6 2. Nc3 d5 3. e5 Nfd7 4. d4 e6 5. f4 c5 6. Nf3 a6 7. Be3 Qb6 8. Rb1 Nc6 9. a3 cxd4 10. Nxd4 Bc5 11. Na4 Qa5+ 12. c3 Bxd4 13. Bxd4 Nxd4 14. Qxd4 Qc7 15. c4 dxc4 16. Qxc4 Qxc4 17. Bxc4 b5 18. Bxb5 axb5 19. Nc3 Rb8 20. 0-0 0-0 21. Rfd1 b4 22. axb4 Rxb4 23. Rd6 Rxf4 24. b4 Nxe5 25. b5 Rc4 26. Nd1 Bb7 27. Rb6 Be4 28. Ra1 Rb4 29. Nf2 Bd5 30. Re1 Nc4 0-1

[Event "Arsenyev Sazykin Memorial"]
[Site "Arsenyev"]
[Date "2007.07.22"]
[Round "9"]
[White "Solovchuk, Mikhail"]
[Black "Korniushin, Nikolay"]
[Result "1/2-1/2"]
[WhiteElo "2115"]
[BlackElo "2355"]
[PlyCount "73"]
[EventDate "2007.07.14"]
[EventType "tourn"]
[EventRounds "11"]
[EventCountry "RUS"]
[SourceTitle "EXT 2022"]
[Source "ChessBase"]
[SourceDate "2021.10.06"]
[SourceVersion "1"]
[SourceVersionDate "2021.10.06"]
[SourceQuality "1"]

1. c4 e6 2. d4 c5 3. Nf3 cxd4 4. Nxd4 a6 5. Nc3 Qc7 6. e3 Nf6 7. Be2 Be7 8. 0-0 0-0 9. b3 d5 10. Bb2 dxc4 11. Bxc4 b5 12. Be2 e5 13. Ncxb5 axb5 14. Nxb5 Qc5 15. a4 e4 16. Rc1 Qg5 17. Kh1 Na6 18. Bd4 Nb4 19. Nc7 Rb8 20. f4 Qa5 21. Be5 Rb7 22. Nb5 Nbd5 23. Bd4 Rd7 24. Qc2 Ba6 25. Rfd1 Nb4 26. Qb1 Nd3 27. Bxd3 exd3 28. Qxd3 Rd5 29. Qc3 Bb4 30. Qb2 Bxb5 31. Bxf6 Rxd1+ 32. Rxd1 gxf6 33. axb5 Bc3 34. Qe2 Rb8 35. Qc4 Bd2 36. Qd4 Bc3 37. Qc4 1/2-1/2

[Event "Arsenyev Sazykin Memorial"]
[Site "Arsenyev"]
[Date "2007.07.21"]
[Round "8"]
[White "Korniushin, Nikolay"]
[Black "Kopaev, Pavel"]
[Result "1-0"]
[WhiteElo "2355"]
[BlackElo "2154"]
[PlyCount "91"]
[EventDate "2007.07.14"]
[EventType "tourn"]
[EventRounds "11"]
[EventCountry "RUS"]
[SourceTitle "EXT 2022"]
[Source "ChessBase"]
[SourceDate "2021.10.06"]
[SourceVersion "1"]
[SourceVersionDate "2021.10.06"]
[SourceQuality "1"]

1. d4 d5 2. Nf3 c6 3. c4 Nf6 4. Qc2 g6 5. Bf4 Bf5 6. Qb3 Qb6 7. e3 Qxb3 8. axb3 Nbd7 9. Nc3 Bg7 10. h3 Bc2 11. Nd2 h6 12. Rc1 Bf5 13. g4 Be6 14. Bg2 Nb6 15. c5 Nbd7 16. b4 g5 17. Bg3 Nf8 18. b5 Bd7 19. bxc6 bxc6 20. b4 Ng6 21. 0-0 h5 22. f3 0-0 23. Nb3 Rfe8 24. Rfe1 e5 25. Ra1 e4 26. fxe4 dxe4 27. gxh5 Nxh5 28. Bd6 f5 29. Ra6 Nh4 30. b5 cxb5 31. c6 Bc8 32. Ra5 Nxg2 33. Kxg2 f4 34. exf4 gxf4 35. Rxe4 Rxe4 36. Nxe4 Be6 37. Rxb5 Nf6 38. Nxf6+ Bxf6 39. d5 Bf5 40. Bxf4 Bh4 41. c7 Rc8 42. Rb8 Kf7 43. Nd4 Bd7 44. Nb5 Rg8+ 45. Rxg8 Kxg8 46. Nxa7 1-0